Identifikácia životného cyklu podniku v rámci hodnotenia jeho finančnej situácie

Vývoj teórie životného cyklu podniku. Vznik krízy podniku ako posledná fáza životného cyklu. Fáza vzniku, rastu, stabilizácie, poklesu a úpadku.

Enregistré dans:
Détails bibliographiques
Auteur principal: Mihalovič, Matúš
Format: Chapitre de livre
Langue:slovaque
Sujets:
Tags: Ajouter un tag
Pas de tags, Soyez le premier à ajouter un tag!

MARC

LEADER 00000nla a2200000 4500
001 0238213
005 20240502073843.6
041 0 |a slo 
044 |a SK 
245 1 0 |a Identifikácia životného cyklu podniku v rámci hodnotenia jeho finančnej situácie  |c Matúš Mihalovič 
520 |a Vývoj teórie životného cyklu podniku. Vznik krízy podniku ako posledná fáza životného cyklu. Fáza vzniku, rastu, stabilizácie, poklesu a úpadku. 
610 2 0 |a podnik 
610 2 0 |a cyklus podniku životný 
610 2 0 |a situácia finančná podniku 
610 2 0 |a kríza podniku 
100 1 |a Mihalovič, Matúš